Influence of synthesis on composite/laminated starch-gelatine based biopolymer film properties

Biopolymer films have an increasing share in the packaging material sector due to a number of advantages: availability, cheapness, easy processing, degradability, etc. On the other hand, numerous methods have been developed to optimize their unfavorable properties (weaker mechanical characteristics,...

Teljes leírás

Elmentve itt :
Bibliográfiai részletek
Szerzők: Šuput Danijela
Popović Senka
Ugarković Jovana
Hromiš Nevena
Dokumentumtípus: Cikk
Megjelent: University of Szeged, Faculty of Engineering Szeged 2022
Sorozat:Analecta technica Szegedinensia 16 No. 1
Kulcsszavak:Biotechnológia, Biopolimer filmek
Tárgyszavak:
doi:10.14232/analecta.2022.1.50-55

Online Access:http://acta.bibl.u-szeged.hu/77870
LEADER 02413nab a2200265 i 4500
001 acta77870
005 20230713103959.0
008 221214s2022 hu o 0|| eng d
022 |a 2064-7964 
024 7 |a 10.14232/analecta.2022.1.50-55  |2 doi 
040 |a SZTE Egyetemi Kiadványok Repozitórium  |b hun 
041 |a eng 
100 1 |a Šuput Danijela 
245 1 0 |a Influence of synthesis on composite/laminated starch-gelatine based biopolymer film properties  |h [elektronikus dokumentum] /  |c  Šuput Danijela 
260 |a University of Szeged, Faculty of Engineering  |b Szeged  |c 2022 
300 |a 50-55 
490 0 |a Analecta technica Szegedinensia  |v 16 No. 1 
520 3 |a Biopolymer films have an increasing share in the packaging material sector due to a number of advantages: availability, cheapness, easy processing, degradability, etc. On the other hand, numerous methods have been developed to optimize their unfavorable properties (weaker mechanical characteristics, hydrophilicity, etc.). This paper examines the influence of the synthesis method on starch-gelatin films properties. The starch-gelatin film was synthesized in a ratio 1:1 as a composite film (C). The second sample was obtained by gelatin film lamination on starch film (L). Plain starch film was used as a control (0). Mechanical, structural and physico-chemical properties of importance for the application of packaging materials were tested on the obtained samples. All the obtained biopolymer films were transparent and easy to handle. FTIR spectroscopy identified all characteristic groups and bonds formed in composite and laminated films. The results showed a significant contribution of gelatin in the developed biopolymer films compared to the control sample. Gelatin incorporated as a film component or as a separate layer improved mechanical properties and water solubility. Slight differences were observed between composite and laminated films because the effect of the method of added gelatin is minimal compared to the sample without the addition of gelatin. 
650 4 |a Műszaki és technológiai tudományok 
650 4 |a Egyéb műszaki tudományok és technológiák 
695 |a Biotechnológia, Biopolimer filmek 
700 0 1 |a Popović Senka  |e aut 
700 0 1 |a Ugarković Jovana  |e aut 
700 0 1 |a Hromiš Nevena  |e aut 
856 4 0 |u http://acta.bibl.u-szeged.hu/77870/1/engineering_2022_001_050-055.pdf  |z Dokumentum-elérés